000
00349nam a2200157Ia 4500
008
100204s9999 xx 000 0 und d
082
_b
29243
100
_a
कदम बाबा
245
_a
घायाळ
250
_a
0
260
_c
2009
300
_a
336
630
_a
घायाळ
730
_a
घायाळ
942
_c
BOOK
999
_c
474497
_d
474494